Modernización y juridización en América Latina: hacia una teoría crítica del proceso de desarrollo latinoamericano /
En América Latina, el proceso de modernización y diferenciación social no fue seguido por la estabilización legal de la complejidad social sino que estuvo caracterizado por un bajo grado de juridización y precariedad institucional. A esta paradojaa dedica Peruzzotti el presente trabajo. REV/WMV...
Guardado en:
| Hovedforfatter: | |
|---|---|
| Format: | Texto |
| Fag: | |
| Tags: |
Tilføj Tag
Ingen Tags, Vær først til at tagge denne postø!
|
MARC
| LEADER | 00000 a a2200000 04500 | ||
|---|---|---|---|
| 001 | 9629 | ||
| 003 | |||
| 040 | |||
| 100 | |a Peruzzotti, Enrique | ||
| 245 | |a Modernización y juridización en América Latina: |b hacia una teoría crítica del proceso de desarrollo latinoamericano / |c Enrique Peruzzotti | ||
| 520 | |a En América Latina, el proceso de modernización y diferenciación social no fue seguido por la estabilización legal de la complejidad social sino que estuvo caracterizado por un bajo grado de juridización y precariedad institucional. A esta paradojaa dedica Peruzzotti el presente trabajo. REV/WMV | ||
| 650 | |a TEORIA | ||
| 650 | |a TEORIA POLITICA | ||
| 650 | |a ANALISIS SOCIOLOGICO | ||
| 650 | |a MODERNIZACION | ||
| 650 | |a POLITICA | ||
| 650 | |a ECONOMIA POLITICA | ||
| 773 | |g volumen 5, número 18; páginas 149-165 | ||
| 999 | |c 28203 |d 28203 | ||
